Visualizzazione normale
Vista MARC
- RELIGIOSO
di Topical Term
Records bibliografici associati: 1
001 - CONTROL NUMBER
- control field: 39430
003 - CONTROL NUMBER IDENTIFIER
- control field: IT-RoPau
005 - DATE AND TIME OF LATEST TRANSACTION
- control field: 20151126101502.0
008 - FIXED-LENGTH DATA ELEMENTS
- fixed length control field: 151126|| aca||aabn | a|a d
040 ## - CATALOGING SOURCE
- Original cataloging agency: IT-RoPau
- Transcribing agency: IT-RoPau
150 ## - HEADING--TOPICAL TERM
- Topical term or geographic name entry element: RELIGIOSO
- : TV-PROGRAMMI RELIGIOSI [VHS]
- General subdivision: Codice MATERIA SPICS: 9963
670 ## - SOURCE DATA FOUND
- Source citation: Work cat.: (IT-RoPau)105093: Dall'Olio Fausto Codice regista SPICS: 19162 39428, GIORNO DEL SOLE (IL) GIORNO DEL SOLE (IL) (Rif. Codice opera principale : 48696)